Guided light propagation (notice n° 1787112)
[ vue normale ]
| 000 -LEADER | |
|---|---|
| fixed length control field | 00484cam a2200157 4500500 |
| 005 - DATE AND TIME OF LATEST TRANSACTION | |
| control field | 20260322014206.0 |
| 041 ## - LANGUAGE CODE | |
| Language code of text/sound track or separate title | fre |
| 042 ## - AUTHENTICATION CODE | |
| Authentication code | dc |
| 100 10 - MAIN ENTRY--PERSONAL NAME | |
| Personal name | Joindot, Michel |
| Relator term | author |
| 245 00 - TITLE STATEMENT | |
| Title | Guided light propagation |
| 260 ## - PUBLICATION, DISTRIBUTION, ETC. | |
| Date of publication, distribution, etc. | 2026.<br/> |
| 500 ## - GENERAL NOTE | |
| General note | 26 |
| 700 10 - ADDED ENTRY--PERSONAL NAME | |
| Personal name | Joindot, Irène |
| Relator term | author |
| 786 0# - DATA SOURCE ENTRY | |
| Note | Optics and photonics | - | 2026-03-05 | p. 1-1 |
| 856 41 - ELECTRONIC LOCATION AND ACCESS | |
| Uniform Resource Identifier | <a href="https://stm.cairn.info/optical-telecommunications--bdti42454210-af2090-page-1?lang=en&redirect-ssocas=7080">https://stm.cairn.info/optical-telecommunications--bdti42454210-af2090-page-1?lang=en&redirect-ssocas=7080</a> |
Pas d'exemplaire disponible.




Réseaux sociaux